Loading...
| Fine Arts - Classical Music | 0 | 5 | 0 | 0 | 50 | 48 | 95.80 | 0 | 2 | 0.00 | 0.00 |
| Social Science | 0 | 3 | 0 | 1 | 30 | 38 | 83.00 | 0 | 1 | 0.00 | 0.00 |
| Philosophy | 0 | 3 | 0 | 1 | 30 | 72 | 100.33 | 0 | 0 | 0.00 | 0.00 |
| Geography/Current Events | 0 | 2 | 0 | 1 | 20 | 91 | 110.50 | 0 | 0 | 0.00 | 0.00 |
| Science - Physics | 0 | 2 | 0 | 1 | 20 | 114 | 118.00 | 0 | 0 | 0.00 | 0.00 |
| Religion | 0 | 3 | 2 | 1 | 20 | 91 | 108.00 | 0 | 2 | 0.00 | 0.00 |
| History - Other | 0 | 2 | 1 | 0 | 15 | 86 | 93.50 | 0 | 1 | 0.00 | 0.00 |
| Other Academic | 0 | 1 | 0 | 0 | 10 | 84 | 84.00 | 0 | 1 | 0.00 | 0.00 |
| Mythology | 0 | 1 | 0 | 0 | 10 | 82 | 82.00 | 0 | 0 | 0.00 | 0.00 |
| History - American | 0 | 1 | 0 | 0 | 10 | 104 | 104.00 | 0 | 0 | 0.00 | 0.00 |
| History - World | 0 | 1 | 0 | 0 | 10 | 125 | 125.00 | 0 | 0 | 0.00 | 0.00 |
| Literature - European | 0 | 1 | 0 | 0 | 10 | 46 | 46.00 | 1 | 1 | 0.00 | 0.00 |
| Science - Chemistry | 0 | 1 | 0 | 0 | 10 | 113 | 113.00 | 0 | 0 | 0.00 | 0.00 |
| Fine Arts - Visual | 0 | 1 | 1 | 0 | 5 | 94 | 94.00 | 0 | 1 | 0.00 | 0.00 |
| History - European | 0 | 1 | 1 | 0 | 5 | 113 | 113.00 | 0 | 0 | 0.00 | 0.00 |
| Fine Arts - Other | 0 | 0 | 1 | 0 | -5 | 0.00 | 0 | 0 | 0.00 | 0.00 |